| 000 | 00879nac a22002771i 4500 | ||
|---|---|---|---|
| 003 | EG-ScBUE | ||
| 005 | 20240923102210.0 | ||
| 008 | 240923t2005 njua f 001 0 eng d | ||
| 020 | _a0131430920 | ||
| 020 | _a9780131430921 | ||
| 040 |
_aEG-ScBUE _beng _erda _cEG-ScBUE _dEG-ScBUE |
||
| 082 | 0 | 4 |
_a512.9 _bSUL _222 |
| 100 | 1 |
_aSullivan, Michael, _eauthor. |
|
| 245 | 1 | 0 |
_aCollege algebra / _cMichael Sullivan, Chicago State University. |
| 250 | _aSeventh edition. | ||
| 264 | 1 |
_aUpper Saddle River, N.J. : _bPearson Prentice Hall, _c[2005] |
|
| 264 | 4 | _cc2005 | |
| 300 |
_a1 volume (various pagings) : _billustrations (some color) ; _c26 cm |
||
| 336 |
_2rdacontent _atext _btxt |
||
| 337 |
_aunmediated _2rdamedia _bn |
||
| 338 |
_avolume _bnc _2rdacarrier |
||
| 500 | _aIncludes index. | ||
| 650 | 7 |
_aAlgebra. _2BUEsh |
|
| 655 | _vReading book | ||
| 942 |
_cBB _2ddc |
||
| 999 |
_c1329 _d1329 |
||